00408cam a22001217a 4500008004000000082001700040100002100057245009800078260004100176300001000217650003200227700002700259180718b1978 xxu||||| |||| 00| 0 eng d aA99 R13/D535 aRai, Lala Lajpat aStory of my lifr: an unknown fragmentcby Lala Lajpat Rai and edited by Joginder Singh Dhanki aNew DelhibGitanjali Prakashanc1978 a120p. aRai, Lala Lajpat, 1865-1928 aDhanki, Joginder Singh